00577nam a2200193Ia 4500008004100000020000700041082001200048100002400060245002000084250000800104260003900112300001800151500001900169600003300188650001500221942000700236952012500243999001500368240925s9999 xx 000 0 und d aNA a815 SAR aSarwar, Gul Shahzad 0aPakistan affair a2nd aKarachi:bRehber Publisherc,1997. a511p.bNAfNA aIncludes Index aHumanities & Natural Science aLiterature cBK 011440708HUMaUITUbUITUd1998-02-01ePrince Book Depog80.00l0o815 SARpQ1571r2024-09-25 07:12:28w2024-09-25yBK c4070d4070